Monstruo de ojos verdes / (Record no. 156676)

MARC details
000 -CABECERA
campo de control de longitud fija 00590nam a2200193 u 4500
005 - FECHA Y HORA DE LA ÚLTIMA TRANSACCIÓN
campo de control 20210223131722.0
008 - ELEMENTOS DE LONGITUD FIJA--INFORMACIÓN GENERAL
campo de control de longitud fija 120523s2011 r 000 0 eng d
020 ## - NÚMERO INTERNACIONAL NORMALIZADO PARA LIBROS
Número Internacional Estándar del Libro 9786074716801
035 ## - NÚMERO DE CONTROL DEL SISTEMA
Número de control de sistema UPN01000184573
049 ## - COLECCIÓN
Colección CG
050 #4 - SIGNATURA TOPOGRÁFICA DE LA BIBLIOTECA DEL CONGRESO
Número de clasificación PS3565 A8.4
Número de documento/Ítem M6.6a
100 1# - ASIENTO PRINCIPAL--NOMBRE PERSONAL
Nombre de persona Oates, Joyce Carol,
Fechas asociadas al nombre 1938-
9 (RLIN) 32389
245 10 - MENCIÓN DE TÍTULO
Título Monstruo de ojos verdes /
Mención de responsabilidad, etc. Joyce Carol Oates ; tr. María Dolores Crispìn.
260 ## - PUBLICACIÓN, DISTRIBUCIÓN, ETC.
Lugar de publicación, distribución, etc. México :
Nombre del editor, distribuidor, etc. SM,
Fecha de publicación, distribución, etc. 2011.
300 ## - DESCRIPCIÓN FÍSICA
Extensión 232 p.
440 #0 - MENCIÓN DE SERIE/ASIENTO SECUNDARIO--TÍTULO
Título Gran Angular ;
Designación de volumen o secuencia 51.
Nombre de parte o sección de la obra Alerta Roja
650 #4 - ASIENTO SECUNDARIO DE MATERIA - TERMINO TEMATICO
Término de materia o nombre geográfico como elemento de entrada VIOLENCIA CONTRA LAS MUJERES -
Subdivisión de forma NOVELA
9 (RLIN) 20977
905 ## - TIPO DE MATERIAL
Tipo de material Libro
Holdings
Estado de retiro Estado de pérdida Fuente del sistema de clasificación o colocación Estado dañado No para préstamo Código de colección Localización permanente Ubicación/localización actual Ubicación en estantería Total de préstamos Clasificación Código de barras Fecha visto por última vez Número de copia Tipo de ítem Koha
    Library of Congress Classification     Colección General Bib. Gregorio Torres Quintero Bib. Gregorio Torres Quintero Planta baja 2 PS3565 A8.4 M6.6a 283728 31/12/2020 1 Libro